| 000 | 00785nam a2200241 i 4500 | ||
|---|---|---|---|
| 003 | DO-SdBNP | ||
| 005 | 20250219104747.0 | ||
| 007 | ta | ||
| 008 | 240916b1951 dr ||||| |||| 00| 0 spa d | ||
| 040 |
_aDO-SdBNP _bspa _cBNPHU _erda |
||
| 082 | 4 | _222 | |
| 100 | 1 |
_aAlfau Durán, Vetilio, _d1909-1985 _4aut. _910091 _eautor |
|
| 245 | 1 | 0 |
_aFray Cipriano de Utrera : _bnotas bio-bibliográficas / _cVetilio Alfau Duran |
| 264 |
_aCiudad Trujillo : _bImpresora Dominicana, C.por A., _c1951. |
||
| 300 |
_a33 páginas ; _c21 cm. |
||
| 336 |
_atexto _btxt _2rdacontent |
||
| 337 |
_asin mediación _bn _2rdamedia |
||
| 338 |
_avolumen _bnc _2rdacarrier |
||
| 590 | _aInventariado, 2024/BT | ||
| 600 | 1 | 0 |
_aCipriano, _d1886-1958 _c de Utrera, fray, _950420 |
| 910 | _aBtavárez | ||
| 942 |
_2ddc _cLF2 |
||
| 999 |
_c57700 _d57700 |
||